000 00313nam a2200145Ia 4500
100 _aPinny/William E
942 _cRB
654 _amanagement
245 _aManagement Science
260 _bHarper and Row pub.
_aNew York
_c1987
082 _a658.4033
_bPIN
300 _a620
546 _aENGLISH
999 _c25900
_d25900